Narciso y Goldmundo

Saved in:
Bibliografiske detaljer
Hovedforfatter: Hesse, Hermann (autor)
Andre forfattere: Tobío, Luis (traductor)
Format: Ukendt
Udgivet: Barcelona, España: Edhasa, 2022.
Udgivelse:Segunda edición (revisada).
Fag:
Tags: Tilføj Tag
Ingen Tags, Vær først til at tagge denne postø!

MARC

LEADER 00000 a2200000 4500
003 CL-VaPUC
005 20241206145140.0
008 230726t2002 ||||| |||| 00| 0 eng d
999 |c 441223  |d 441221 
020 |a 9788435019279 
040 |c Pontificia Universidad Católica de Valparaíso 
082 7 |a 833 HES 2022  |2 22 
100 |a Hesse, Hermann  |e autor  |9 546760 
245 |a Narciso y Goldmundo  
250 |a Segunda edición (revisada). 
260 |a Barcelona, España:  |b Edhasa,  |c 2022. 
300 |a 360 páginas.  
583 |k GC  |c 20230726 
650 |a Novelas alemanas  |9 265783 
650 0 |a Literatura alemana   |9 265457 
700 |a Tobío, Luis   |e traductor  |9 883904 
942 |2 ddc  |c BK 
952 |0 0  |1 0  |2 ddc  |4 0  |6 833_000000000000000_HES_2022  |7 0  |8 R  |9 590983  |a BIBEDU  |b BIBEDU  |c MCIRC  |d 2023-07-26  |e 3  |g 15800.00  |i 5658150  |o 833 HES 2022  |p 5658150  |r 2023-07-26  |t 1  |v 15800.00  |w 2023-07-26  |y BK_R  |k FIL